000 00891nam a2200289 i 4500
001 7213
003 KOSZ 005
005 20210823134109.0
008 070608s1971 pl a f |000 0 pol
015 _aPB 1971/7350
035 _a(OCoLC)749838128
040 _aWA N
_cWA N
_dKOSZ 005/HR
046 _k1971
080 _a517.5
100 1 _aSzafnicki, Bolesław.
_eAutor
245 1 0 _aZadania z funkcji zespolonych /
_cBolesław Szafnicki.
260 _aWarszawa ;
_aŁódź :
_bPaństwowe Wydawnictwo Naukowe. Oddział,
_c1971.
300 _a208 s. :
_bil. ;
_c23 cm.
380 _aKsiążki.
388 _a1901-2000
388 _a1945-1989
658 _aMatematyka
655 4 _aĆwiczenia i zadania
650 4 _aFunkcje zespolone
856 _uhttp://koha.tu.koszalin.pl/cgi-bin/koha/opac-detail.pl?biblionumber=7213
_yKatalog online BPK
942 _2UKD
_cKS
999 _c7213
_d7213